书目信息 |
| 题名: |
音乐教育专业教学大纲
|
|
| 作者: | ;国家教育委员会师范教育司 编 | |
| 分册: | ||
| 出版信息: | 长春 东北师范大学出版社 1992 |
|
| 页数: | 133页 | |
| 开本: | 20cm | |
| 丛书名: | ||
| 单 册: | ||
| 中图分类: | J6-42 | |
| 科图分类: | ||
| 主题词: | 教学法-音乐教育--广播电视教育--教材 , 音乐教育-教学法--广播电视教育--教材 | |
| 电子资源: | ||
| ISBN: | 7-5602-0707-3 | |
| 000 | 00818nam0 2200229 45 | |
| 001 | 0192011392 | |
| 005 | 20070709155845.65 | |
| 010 | @a7-5602-0707-3@dCNY2.50 | |
| 100 | @a19920427d1992 em y0chiy0121 ea | |
| 101 | 0 | @achi |
| 102 | @aCN@b220000 | |
| 105 | @ay z 000yy | |
| 200 | 10 | @a音乐教育专业教学大纲@Ayin yue jiao yu zhuan ye jiao xue da gang@f国家教育委员会师范教育司编@Fguo jia jiao yu wei yuan hui shi fan jiao yu si bian |
| 210 | @a长春@c东北师范大学出版社@d1992 | |
| 215 | @a133页@d20cm | |
| 300 | @a中学教师进修高等师范专科 | |
| 606 | @a教学法-音乐教育@x广播电视教育@x教材 | |
| 606 | @a音乐教育-教学法@x广播电视教育@x教材 | |
| 690 | @aJ6-42@v4 | |
| 711 | 02 | @a国家教育委员会师范教育司@Aguo jia jiao yu wei yuan hui shi fan jiao yu si@4编 |
| 801 | 0 | @aCN@bTSSF@c20070709 |
| 905 | @a10447@dJ6-42@e462 | |
| 音乐教育专业教学大纲/国家教育委员会师范教育司编.-长春:东北师范大学出版社,1992 |
| 133页;20cm |
| 中学教师进修高等师范专科 |
| ISBN 7-5602-0707-3:CNY2.50 |
| ● |
| 相关链接 |
|
|
|
|
正题名:音乐教育专业教学大纲
索取号:J6-42/462
 
预约/预借
| 序号 | 登录号 | 条形码 | 馆藏地/架位号 | 状态 | 备注 |
| 1 | 0518329 | 205183291 | 第一样本阅览室/ [索取号:J6-42/462] | 在馆 | |
| 2 | 0518330 | 205183308 | 密集书库/ [索取号:J6-42/462] | 在馆 | |
| 3 | 0518331 | 205183317 | 密集书库/ [索取号:J6-42/462] | 在馆 | |
| 4 | 0518332 | 205183326 | 密集书库/ [索取号:J6-42/462] | 在馆 | |
| 5 | 0518333 | 205183335 | 密集书库/ [索取号:J6-42/462] | 在馆 | |
| 6 | 0518334 | 205183344 | 密集书库/ [索取号:J6-42/462] | 在馆 | |
| 7 | 0518335 | 205183353 | 密集书库/ [索取号:J6-42/462] | 在馆 | |
| 8 | 0518336 | 205183362 | 密集书库/ [索取号:J6-42/462] | 在馆 | |
| 9 | 0518337 | 205183371 | 密集书库/ [索取号:J6-42/462] | 在馆 | |
| 10 | 0518338 | 205183380 | 密集书库/ [索取号:J6-42/462] | 在馆 | |
| 11 | 0518339 | 205183399 | 密集书库/ [索取号:J6-42/462] | 在馆 | |
| 12 | 0772346 | 207723463 | 密集书库/ [索取号:J6-42/462] | 在馆 |